Statistics for Top 100 MLB Players of 2021

Click here to take the quiz!

General Stats

  • This quiz has been taken 19 times
  • The average score is 39 of 100

Answer Stats

Answer% Correct
Bryce Harper
100%
Freddie Freeman
100%
Shohei Ohtani
100%
Fernando Tatis Jr.
82%
Gerrit Cole
82%
Jacob Degrom
82%
Jose Altuve
82%
Juan Soto
82%
Justin Turner
82%
Trea Turner
82%
Vladimir Guerrero Jr.
82%
Aaron Judge
73%
Corey Seager
73%
Max Scherzer
73%
Salvador Perez
73%
Carlos Correa
64%
Javier Baez
64%
Jose Ramirez
64%
Kris Bryant
64%
Manny Machado
64%
Marcus Semien
64%
Mookie Betts
64%
Robbie Ray
64%
Ronald Acuna Jr.
64%
Will Smith
64%
Bo Bichette
55%
Joey Votto
55%
Josh Hader
55%
Matt Chapman
55%
Nick Castellanos
55%
Nolan Arenado
55%
Ozzie Albies
55%
Paul Goldschmidt
55%
Tim Anderson
55%
Brandon Crawford
45%
Enrique Hernandez
45%
Matt Olson
45%
Rafael Devers
45%
Teoscar Hernandez
45%
Adam Wainwright
36%
Buster Posey
36%
Cedric Mullins
36%
Charlie Morton
36%
Corbin Burnes
36%
Joe Musgrove
36%
Jose Abreu
36%
Jose Berrios
36%
Kyle Schwarber
36%
Lance Lynn
36%
Lance McCullers Jr.
36%
Lucas Giolito
36%
Max Fried
36%
Max Muncy
36%
Randy Arozarena
36%
Willy Adames
36%
Zack Wheeler
36%
Adam Frazier
27%
Austin Riley
27%
Bryan Reynolds
27%
Byron Buxton
27%
Carlos Rodon
27%
Freddy Peralta
27%
Harrison Bader
27%
Jake Cronenworth
27%
Nathan Eovaldi
27%
Sandy Alcantara
27%
Tyler O'Neill
27%
Xander Bogaerts
27%
Yasmani Grandal
27%
Yordan Alvarez
27%
Brandon Lowe
18%
Jonathan India
18%
Julio Urias
18%
Kevin Gausman
18%
Kyle Tucker
18%
Logan Webb
18%
Pete Alonso
18%
Starling Marte
18%
Walker Buehler
18%
Yoan Moncada
18%
Yuli Gurriel
18%
Anthony DeSclafani
9%
Brandon Woodruff
9%
Cal Quantrill
9%
Emmanuel Clase
9%
Jeimer Candelario
9%
Joey Gallo
9%
Jorge Polanco
9%
Luis Castillo
9%
Marcus Stroman
9%
Ranger Suarez
9%
Ty France
9%
Tyler Mahle
9%
Brandon Nimmo
0%
Chris Bassitt
0%
Frankie Montas
0%
Mike Zunino
0%
Nicky Lopez
0%
Trevor Rogers
0%
Wade Miley
0%

Score Distribution

Percentile by Number Answered

Percent of People with Each Score

Your Score History

You have not taken this quiz